000 005490000a22001810004500
003 MACL
005 20160312111858.0
008 160312b xxu||||| |||| 00| 0 eng d
040 _aMACL
_cMACL
041 _aHindi
082 _a891.433
100 _aप्रीतम अमृता
_938570
245 _aअलिफ लैला हजार दास्‍तान
260 _bकिताबघर प्रकाशन
_c1998
_aनई दिल्‍ली
350 _a65
650 _aStories
_945137
942 _cHIN
_k891.433
_2ddc
999 _c29615
_d29615